000 00292nam a22001337a 4500
008 180222b xxu||||| |||| 00| 0 eng d
020 _a060411989
041 _aeng
080 _a33
100 _a52
101 _aeco
245 _athe economic latin america
_cfarley.r
942 _2udc
_cBK
999 _c43160
_d43160